Las cuatro niñitas (Record no. 119024)

MARC details
000 -LEADER
campo de control de longitud fija 00601nam a2200193 4500
001 - NÚMERO DE CONTROL
campo de control 119024
003 - IDENTIFICADOR DE NÚMERO DE CONTROL
campo de control ES-MaACL
005 - FECHA Y HORA DE LA ÚLTIMA TRANSACCIÓN
campo de control 20240611125736.0
007 - CAMPO FIJO DE DESCRIPCIÓN FÍSICA--INFORMACIÓN GENERAL
campo de control de longitud fija t|
008 - DATOS DE LONGITUD FIJA--INFORMACIÓN GENERAL
campo de control de longitud fija 070214s1973 sp r ||||1| spa d
100 1# - ENTRADA PRINCIPAL--NOMBRE DE PERSONA
Nombre de persona Picasso, Pablo,
Fechas asociadas al nombre 1881-1973
9 (RLIN) 91794
245 14 - MENCIÓN DEL TÍTULO
Título Las cuatro niñitas
Resto del título : obra en seis actos /
Mención de responsabilidad, etc. Pablo Picasso ; traducción de María Teresa León.
250 ## - MENCION DE EDICION
Mención de edición 1ª ed.
260 ## - PUBLICACIÓN, DISTRIBUCIÓN, ETC.
Lugar de publicación, distribución, etc. Madrid :
Nombre del editor, distribuidor, etc. Aguilar,
Fecha de publicación, distribución, etc. 1973.
300 ## - DESCRIPCIÓN FÍSICA
Extensión 58 p. ;
Dimensiones 20 cm.
700 1# - ENTRADA AGREGADA--NOMBRE PERSONAL
Nombre de persona León, María Teresa,
Fechas asociadas al nombre 1903-1988
9 (RLIN) 71586
852 ## - LOCALIZACIÓN
Ubicación ES-MaACL
Número de control de estantería E-5012
Sublocalización o colección R.88446
Holdings
Estatus retirado Estado de pérdida Estado de daño No para préstamo Biblioteca de origen Biblioteca actual Ubicación en estantería Fecha de adquisición Fuente de adquisición Total de préstamos Signatura topográfica completa Código de barras Visto por última vez Precio de reemplazo Tipo de ítem Koha
        Biblioteca del Ateneo de Madrid Biblioteca del Ateneo de Madrid Depósito 2 17/01/2008     E-5012 1124080 23/02/2023 23/02/2023 Libro impreso